DISEÑO Y PLANIFICACIÓN DE MERCADO MUNICIPAL, FINCA CHÍO TALPETATE, COBÁN, ALTA VERAPAZ./ (Registro nro. 2118)

Detalles MARC
000 -LEADER
campo de control de longitud fija 02964nam a22003377a 4500
001 - NÚMERO DE CONTROL
campo de control TIC 0001
003 - IDENTIFICADOR DE NÚMERO DE CONTROL
campo de control gtcocun
005 - FECHA Y HORA DE LA ÚLTIMA TRANSACCIÓN
campo de control 20250924164914.0
006 - CÓDIGOS DE INFORMACIÓN DE LONGITUD FIJA--CARACTERÍSTICAS DEL MATERIAL ADICIONAL
campo de control de longitud fija a||||gr|||| 00| 0
007 - CAMPO FIJO DE DESCRIPCIÓN FÍSICA--INFORMACIÓN GENERAL
campo de control de longitud fija ta
008 - DATOS DE LONGITUD FIJA--INFORMACIÓN GENERAL
campo de control de longitud fija 250924b2019 gt ||||| m||| 00| 0 eng d
040 ## - FUENTE DE CATALOGACIÓN
Centro catalogador/agencia de origen gtcocun
Lengua de catalogación SPA
Centro/agencia transcriptor gtcocun
Normas de descripción RDA
041 ## - CÓDIGO DE IDIOMA
Código de lengua del texto/banda sonora o título independiente SPA TIC 0001
084 ## - OTRO NÚMERO DE CLASIFICACIÓN
Número de control del registro de autoridad o número normalizado TIC 0001
100 ## - ENTRADA PRINCIPAL--NOMBRE DE PERSONA
Nombre de persona Mendoza Barrientos, Rocío
Término indicativo de función/relación Autor
245 ## - MENCIÓN DEL TÍTULO
Título DISEÑO Y PLANIFICACIÓN DE MERCADO MUNICIPAL, FINCA CHÍO TALPETATE, COBÁN, ALTA VERAPAZ./
Mención de responsabilidad, etc. Rocío Mendoza Barrientos
Medio Impreso
264 ## - PRODUCCIÓN, PUBLICACIÓN, DISTRIBUCIÓN, FABRICACIÓN Y COPYRIGHT
Producción, publicación, distribución, fabricación y copyright Cobán, Alta Verapaz:
Nombre del de productor, editor, distribuidor, fabricante Universidad de San Carlos de Guatemala, Centro Universitario del Norte, Ingeniería Civil,
Fecha de producción, publicación, distribución, fabricación o copyright 2019
300 ## - DESCRIPCIÓN FÍSICA
Extensión 187 p.:
Otras características físicas Ilustraciones, gráficas.
Dimensiones 28 cm;
300 ## - DESCRIPCIÓN FÍSICA
Dimensiones PDF
336 ## - TIPO DE CONTENIDO
Fuente rdacontenido
Término de tipo de contenido Texto
Código de tipo de contenido txt
337 ## - TIPO DE MEDIO
Fuente rdamedio
Nombre/término del tipo de medio Computadora
Código del tipo de medio n
338 ## - TIPO DE SOPORTE
Fuente rdasoporte
Nombre/término del tipo de soporte Código en línea
Código del tipo de soporte cr
502 ## - NOTA DE TESIS
identificador de la tesis TIC 0001
502 ## - NOTA DE TESIS
Nota de tesis Tesis de grado
Tipo de título Ingeniería Civil,
Nombre de la institución que otorga el título Universidad de San Carlos de Guatemala, Centro Universitario del Norte, Ingeniería Civil,
Año de obtención del título 2019
Identificador de la tesis TIC 0001
520 14 - RESUMEN, ETC.
Sumario, etc. El Ejercicio Profesional Supervisado se realizó bajo la dirección del Centro<br/>Universitario del Norte. El presente informe contiene de manera detallada la<br/>ejecución de las actividades en la temática de la ingeniería civil, realizadas en la<br/>institución designada, la municipalidad de Cobán, dividiéndose en ocho meses<br/>correspondientes en las siguientes etapas: diagnóstica, plan de trabajo y<br/>ejecución de actividades.<br/><br/>Inicialmente se desarrolló la investigación diagnostica del municipio de Cobán,<br/>enfocándose principalmente en la infraestructura y urbanización; en esta etapa se obtuvo como resultado la identificación y jerarquización de los problemas más relevantes del municipio, el cual definió las actividades que se podrían realizar en respuesta a dichos problemas. Según los problemas más sobresalientes se optó por ejecutar el diseño y planificación de mercado municipal de Cobán, con la<br/>finalidad de promover una infraestructura idónea para la comercialización de<br/>productos de la canasta básica y descongestionamiento de las principales vías de acceso al casco urbano del municipio.<br/><br/>La organización, dirección y ejecución de cada actividad necesaria para la<br/>elaboración del proyecto, integró las áreas curriculares abarcadas durante los<br/>años de estudio, y permitió crear escenarios de retroalimentación para desarrollar criterios de sistematización de soluciones a problemáticas de interés técnico y social.
650 14 - PUNTO DE ACCESO ADICIONAL DE MATERIA--TÉRMINO DE MATERIA
Fuente del encabezamiento o término LEMB
Término de materia o nombre geográfico como elemento de entrada Cobán, Alta Verapaz.
Subdivisión general Ingeniería
-- Organización
-- Casco urbano
-- Comercilaización
-- Proyecto
-- Problemáticas
700 ## - ENTRADA AGREGADA--NOMBRE PERSONAL
Nombre de persona Ing. Civil Marlon Alexander Moran Castro
Término indicativo de función/relación Asesor
856 ## - LOCALIZACIÓN Y ACCESO ELECTRÓNICOS
Identificador Uniforme de Recurso <a href="https://drive.google.com/file/d/1JiZf4K0-YjOgCCzsCT6rSK9w52WzcjEf/view">https://drive.google.com/file/d/1JiZf4K0-YjOgCCzsCT6rSK9w52WzcjEf/view</a>
Texto de enlace PDF
Nota pública Un ejemplar en línea.
942 ## - ELEMENTOS DE ENTRADA SECUNDARIOS (KOHA)
Fuente de la clasificación o esquema de estantería Clasificación Decimal Dewey
Tipo de ítem Koha TESIS
Parte de la signatura que identifica el ejemplar (Parte del ítem) TIC 0001
Prefijo de la signatura Clasificación
Suprimir en OPAC No
-- TIC_0001_000000000000000
Existencias
Estatus retirado Estado de pérdida Fuente de la clasificación o esquema de estantería Estado de daño No para préstamo Colección Biblioteca de origen Biblioteca actual Ubicación en estantería Fecha de adquisición Número de inventario Total de préstamos Signatura topográfica completa Código de barras Visto por última vez Precio de reemplazo Tipo de ítem Koha
    Clasificación Decimal Dewey     tesis BIBLIOTECA- CUNOR -JOSÉ LUIS GONZALES ROSALES BIBLIOTECA- CUNOR -JOSÉ LUIS GONZALES ROSALES Colección tesis 16/09/2025 TIC 0002   TIC 0002 TIC 0002 16/09/2025 16/09/2025 TESIS